Zadymiarz z brawl stara po podpowiedzi - Statystyki

Ogólne statystyki
  • Ten quiz został rozwiązany 24 razy
  • Średni wynik to 5 z 6
Statystyki odpowiedzi
Hint Odpowiedź % Poprawnych
Bardzo rzadki zadymiarz który strzela dynamitamiA ult to jest wielka bomba Dynamike
94%
Rzadki zadymiarz który gra na gitarzeA ult go leczy Poco
94%
Legendarna postać która Ma atak ziejący ogniem A ultem podpala graczy Amber
83%
Epicka postać która jest mumiąAtakuje sprayem do włosów Emz
83%
Mityczna postać która pije napoje energetyczne I jest bardzo szybka Maks
72%
Rzadki zadymiarz który bije z ostrych rękawic A przez ult jest opleciona pnączem Rosa
72%
Nie znaleziono quizów pasujących do podanych kryteriów
Rozkład punktacji
Procent ludzi z każdym wynikiem
Percentyl według liczby udzielonych odpowiedzi
Twoja historia wyników
Nie rozwiązałeś tego quizu